Club les plus titrés-football - Statistiques

Statistiques générales
  • Ce quiz a été pris 80 fois
  • Le résultat moyen est 9 sur 21
Statistiques - réponses
Hint Réponse % Correct
110 Real Madrid
97%
69 Manchester united
91%
100 Barcelone
84%
70 Liverpool
83%
58 PSG
80%
82 Bayern Munich
78%
73 Juventus
72%
75 Ajax
49%
84 Benfica
49%
83 Porto
49%
115 Celtic
43%
59 Galatasaray
25%
64 Anderlecht
20%
82 Olympiakos
16%
61 Boca juniors
14%
117 Nacional
4%
124 Al Ahly SC
3%
58 FCSB
3%
83 Al-Faisaly
1%
110 Atlético Peñarol
1%
117 Rangers FC
1%
Aucun quiz correspondant
Distribution des résultats
% des personnes avec chaque résultat
Percentile par nombre de réponses
Votre historique - résultats
Vous n’avez pas pris ce quiz